MEDICAL PHYSIOLOGY FOR UNDERGRADUATE STUDENTS (Record no. 17005)

MARC details
000 -LEADER
fixed length control field 00336nam a22001457a 4500
003 - CONTROL NUMBER IDENTIFIER
control field SGT
020 ## - INTERNATIONAL STANDARD BOOK NUMBER
International Standard Book Number 978-81-312-5003-7
082 ## - DEWEY DECIMAL CLASSIFICATION NUMBER
Classification number 612
Item number M18K
100 ## - MAIN ENTRY--PERSONAL NAME
Personal name KHURANA, INDU
245 ## - TITLE STATEMENT
Title MEDICAL PHYSIOLOGY FOR UNDERGRADUATE STUDENTS
250 ## - EDITION STATEMENT
Edition statement 2ND
260 ## - PUBLICATION, DISTRIBUTION, ETC. (IMPRINT)
Place of publication, distribution, etc INDIA
Name of publisher, distributor, etc ELSEVIER PUB.
Year of Publication 2018
300 ## - PAGE DESCRIPTION
No. of Pages 926
942 ## - ADDED ENTRY ELEMENTS (KOHA)
Source of classification or shelving scheme Dewey Decimal Classification
Koha item type Books
942 ## - ADDED ENTRY ELEMENTS (KOHA)
-- 117
Holdings
Withdrawn status Lost status Source of classification or shelving scheme Damaged status Not for loan Collection code Home library Current library Shelving location Date acquired Vendor Name Cost, normal purchase price SGTU Bill Number Total Checkouts Total Renewals Full call number Accession No. (Barcode) Date last seen Date last borrowed Bill Date Koha item type
    Dewey Decimal Classification     MEDICAL SGT Medical Library SGT Medical Library Text Book 23/02/2019 ABC DELHI 1545.00 SGTU 10441 48 4 612 M18K FM11237 28/05/2026 13/05/2026 20/12/2018 Books
    Dewey Decimal Classification     MEDICAL SGT Medical Library SGT Medical Library Text Book 23/02/2019 ABC DELHI 1545.00 SGTU 10441 45   612 M18K FM11238 29/06/2024 13/06/2024 20/12/2018 Books
    Dewey Decimal Classification     MEDICAL SGT Medical Library SGT Medical Library Text Book 23/02/2019 ABC DELHI 1545.00 SGTU 10441 33 2 612 M18K FM11239 10/04/2025 27/03/2025 20/12/2018 Books
    Dewey Decimal Classification     MEDICAL SGT Medical Library SGT Medical Library Text Book 23/02/2019 ABC DELHI 1545.00 SGTU 10441 17 1 612 M18K FM11240 05/04/2025 10/03/2025 20/12/2018 Books
    Dewey Decimal Classification     MEDICAL SGT Medical Library SGT Medical Library Text Book 23/02/2019 ABC DELHI 1545.00 SGTU 10441 9 1 612 M18K FM11241 15/01/2026 24/12/2025 20/12/2018 Books